000 00364nam a2200133 i 4500
001 bg
100 1 _aURBAŃSKI, Stanisław
245 0 _aDynamika układów elektromechanicznych z silnikami prądu stałego /
_cStanisław Urbański.
260 _aBiałystok,
_c1981.
040 _cBPK
041 _apol
942 _cKS
008 s pl f |000 0 pol
999 _c20083
_d20083
856 _uhttp://koha.tu.koszalin.pl/cgi-bin/koha/opac-detail.pl?biblionumber=20083
_yKatalog online BPK